000 00568nam a22001937a 4500
005 20180705105329.0
010 _aENG-123380
020 _c595.00
_a9789352832170
035 _aEN-106912
037 _bDBAD/PUB
082 _a000
100 _aAggarwal, R.S.
245 0 0 _aA modern approach to verbal reasoning /
_cby R.S. Aggarwal
250 _aRevised Edn.
260 _aNew Delhi
_bS. Chand and Company
_c2018
270 _a7361, Ram Nagar,
_bNew Delhi
_e110055
300 _avarious paging
_c27cm(pbk)
_bill.
942 _2ddc
_cEN
_mAGG
_h000
999 _c153404
_d153404